[Event "IECC CL8-2002.02"]
[Site "IECC email"]
[Date "2002.02.02"]
[Round "?"]
[White "Mitchell, TT."]
[Black "Etherington, Murray"]
[Result "0-1"]
[WhiteElo "927"]
[BlackElo "1022"]
[PlyCount "86"]
[EventDate "2002.??.??"]
[EventType "tourn (corr)"]
[EventRounds "4"]
[SourceTitle "Corr 2008"]
[Source "ChessBase"]
[SourceDate "2008.06.24"]
[SourceVersion "1"]
[SourceVersionDate "2008.06.24"]
[SourceQuality "1"]

1. e4 Nf6 2. d3 g6 3. Bg5 e5 4. Qf3 Be7 5. Bh6 d6 6. h3 Nc6 7. Ne2 Nb4 8. Na3 d5 9. Nc3 Nc6 10. exd5 Nd4 11. Qe3 Nd7 12. 0-0-0 Bxa3 13. bxa3 Qe7 14. Nb1 Nf5 15. Qd2 Qh4 16. Bg5 Qd4 17. Nc3 Qc5 18. Nb1 Qxd5 19. Nc3 Qd6 20. Nb5 Qc6 21. a4 a6 22. Nc3 Nc5 23. a5 Na4 24. Nb1 Qb5 25. c4 Qc6 26. Qb4 Nd6 27. Bf6 Rg8 28. Bxe5 Nf5 29. Re1 Be6 30. Nd2 0-0-0 31. Bf6 Rd7 32. Rg1 Nc5 33. Nb3 b6 34. axb6 cxb6 35. Nxc5 bxc5 36. Qb2 Nd4 37. Be5 Rb7 38. Qa3 Rb4 39. Qa5 Ra4 40. Qc7+ Qxc7 41. Bxc7 Kxc7 42. Kb2 Rb8+ 43. Ka1 Nc2# 0-1

[Event "IECC CL8-2002.02"]
[Site "IECC email"]
[Date "2002.02.02"]
[Round "?"]
[White "Scott, David C"]
[Black "Etherington, Murray"]
[Result "0-1"]
[WhiteElo "881"]
[BlackElo "1000"]
[PlyCount "30"]
[EventDate "2002.??.??"]
[EventType "tourn (corr)"]
[EventRounds "4"]
[SourceTitle "Corr 2008"]
[Source "ChessBase"]
[SourceDate "2008.06.24"]
[SourceVersion "1"]
[SourceVersionDate "2008.06.24"]
[SourceQuality "1"]

1. Nf3 d5 2. g3 e6 3. Bg2 Nc6 4. d4 g6 5. 0-0 Bg7 6. Nbd2 Nge7 7. e3 e5 8. Re1 0-0 9. c3 Nf5 10. b4 e4 11. Ba3 Nce7 12. Nh4 Nxh4 13. gxh4 Nf5 14. h5 Nh4 15. f3 Qg5 0-1